| 000 | 00523nam a22001811a 4500 | ||
|---|---|---|---|
| 001 | 1687 | ||
| 003 | OSt | ||
| 005 | 20260204211744.0 | ||
| 008 | 040120s2000||||dr ||||||b||||||||||spa|| | ||
| 050 | _aRD 657 S51r | ||
| 082 | _aRD 657 S51r | ||
| 110 | _aSeminario Regional Internacional de Contabilidad del 24-26 de Febrero | ||
| 245 | _aRetos del Contador ante la Internacionalización de los Mercados | ||
| 264 | _aSanto Domingo : (ICPARD) | ||
| 300 | _a283 p | ||
| 650 | _a1.Contabilidad - SeminarioÌ | ||
| 942 |
_2ddc _cBK |
||
| 999 |
_c1687 _d1687 |
||